World Map without 10 Borders - Statistics

General Stats
  • This quiz has been taken 11,318 times
  • The average score is 16 of 20
Answer Stats
Country A % Correct
China
91%
Mongolia
90%
Russia
88%
Finland
85%
Ukraine
85%
Bolivia
84%
Paraguay
84%
Sudan
84%
Belarus
83%
Portugal
83%
South Sudan
83%
Spain
81%
Oman
77%
Yemen
77%
Turkmenistan
73%
Uzbekistan
73%
Lesotho
71%
South Africa
71%
Central African Republic
68%
Cameroon
65%
No matching quizzes found
Score Distribution
Percent of People with Each Score
Percentile by Number Answered
Your Score History
You have not taken this quiz